Keď sa v hlavných správach hovorí o páde trhov, vtedy je ten správny čas

Guardado en:
Detalles Bibliográficos
Autor principal: Škriniar, Pavel, 1979-
Formato: Capítulo de libro
Lenguaje:eslovaco
Materias:
Etiquetas: Agregar Etiqueta
Sin Etiquetas, Sea el primero en etiquetar este registro!

MARC

LEADER 00000naa a2200000 4500
001 0264324
005 20240502074206.4
041 0 |a slo 
044 |a SK 
245 1 0 |a Keď sa v hlavných správach hovorí o páde trhov, vtedy je ten správny čas  |c Pavel Škriniar 
610 2 0 |a investície 
610 2 0 |a investovanie 
610 2 0 |a akcie 
610 2 0 |a nákup 
610 2 0 |a predaj 
100 1 |a Škriniar, Pavel, 1979-